| 000 | 01060cam a22001694a 4500 | ||
|---|---|---|---|
| 005 | 20250605163654.0 | ||
| 008 | 250528s ||||||||||||||||||||||||d | ||
| 035 | _a24010 | ||
| 040 |
_aGR-AtMCL _bgre _dGR-AtMCL _eAACR2 |
||
| 245 | 1 | _aSupply Chain and Logistics / Το Περιοδικό για την Εφοδιαστική Αλυσίδα | |
| 260 |
_bParametros Group _bScl Magazine, _c2020 |
||
| 300 | _a96 | ||
| 520 | _aΠώς Αντιδρά η Εφοδιαστική Αλυσίδα στον Covid-19: Εταιρείες του Κλάδου Περιγράφουν Πώς Άλλαξε η Καθημερινότητα τους, Covid-19: Επιπτώσεις στις Λειτουργίες και την Εφοδιαστική Αλυσίδα των Επιχειρήσεων στην Ελλάδα, IMO Sulphur Cap 2020 Implementation: An Initial Assessment, Βασική Προϋπόθεση Επιχειρησιακής Συμνέχειας και στην Μετά Covid-19 Εποχή. | ||
| 942 | _cCR | ||
| 999 |
_c8913 _d8913 |
||